|
|
|
|
| LEADER |
02799nam a2200385 a 4500 |
| 001 |
13976014 |
| 003 |
BD-DhAAL |
| 005 |
20260206204424.0 |
| 008 |
120320s2005 nyua 001 0 eng |
| 010 |
|
|
|a 2005276286
|
| 020 |
|
|
|a 9788126518692
|
| 020 |
|
|
|a 0471669598
|
| 040 |
|
|
|a DLC
|c DLC
|d DLC
|d BD-DhAAL
|
| 050 |
0 |
0 |
|a QA184.2
|b .A58 2005
|
| 082 |
0 |
0 |
|a 512/.5
|2 22
|
| 100 |
1 |
|
|a Anton, Howard.
|
| 245 |
1 |
0 |
|a Elementary linear algebra :
|b applications version /
|c Howard Anton, Chris Rorres.
|
| 250 |
|
|
|a Ninth edition.
|
| 260 |
|
|
|a New York ;
|a New Delhi :
|b Wiley,
|c c2005 [reprinted 2011].
|
| 300 |
|
|
|a xv, 832 pages :
|b ill. (some col.) ;
|c 27 cm.
|
| 500 |
|
|
|a Includes index.
|
| 541 |
|
|
|e 00024804
|
| 650 |
|
0 |
|a Algebras, Linear.
|
| 700 |
1 |
|
|a Rorres, Chris.
|9 31550
|
| 852 |
1 |
|
|a Ayesha Abed Library
|c General shelf.
|
| 942 |
0 |
0 |
|0 1
|2 ddc
|c BK
|
| 999 |
|
|
|c 11998
|d 11998
|
| 952 |
|
|
|0 0
|1 0
|2 ddc
|4 0
|6 512_000000000000000__5_ANT
|7 0
|9 19740
|a BRACUL
|b BRACUL
|c CIR
|d 2012-03-15
|e Development Book Agency
|g 1334.40
|l 15
|m 96
|o 512.5 ANT
|p 3010024804
|r 2024-01-25
|s 2024-01-25
|t 1
|w 2012-03-20
|y 1HOUR
|
| 952 |
|
|
|0 0
|1 0
|2 ddc
|4 0
|6 512_500000000000000_ANT
|7 0
|9 19741
|a BRACUL
|b BRACUL
|c GEN
|d 2012-03-15
|e Development Book Agency
|g 1334.40
|l 33
|m 190
|o 512.5 ANT
|p 3010024805
|r 2026-03-28
|s 2026-02-26
|t 2
|w 2012-03-20
|y BK
|
| 952 |
|
|
|0 0
|1 0
|2 ddc
|4 0
|6 512_000000000000000__5_ANT
|7 0
|9 19742
|a BRACUL
|b BRACUL
|c GEN
|d 2012-03-15
|e Development Book Agency
|g 1334.40
|l 39
|m 254
|o 512.5 ANT
|p 3010024806
|r 2025-05-23
|s 2025-05-17
|t 3
|w 2012-03-20
|y BK
|
| 952 |
|
|
|0 0
|1 0
|2 ddc
|4 0
|6 512_500000000000000_ANT
|7 0
|9 61929
|a BRACUL
|b BRACUL
|c GEN
|d 2017-11-22
|e STS International
|g 1510.00
|l 19
|m 151
|o 512.5 ANT
|p 3010032352
|r 2025-07-03
|s 2025-06-30
|t 5
|v 1510.00
|w 2017-11-22
|y BK
|
| 952 |
|
|
|0 0
|1 0
|2 ddc
|4 0
|6 512_500000000000000_ANT
|7 0
|9 61930
|a BRACUL
|b BRACUL
|c GEN
|d 2017-11-22
|e STS International
|g 1510.00
|l 19
|m 157
|o 512.5 ANT
|p 3010032355
|r 2026-05-16
|s 2026-02-02
|t 8
|v 1510.00
|w 2017-11-22
|y BK
|x After returning the book, please send it to cataloguing team( Edition change)
|
| 952 |
|
|
|0 0
|1 0
|2 ddc
|3 After returning the book, please send it to cataloguing team( Edition change)
|4 0
|6 512_500000000000000_ANT
|7 0
|9 61931
|a BRACUL
|b BRACUL
|c GEN
|d 2017-11-22
|e STS International
|g 1510.00
|l 28
|m 209
|o 512.5 ANT
|p 3010032354
|q 2026-05-19
|r 2025-11-11
|s 2025-11-11
|t 7
|v 1510.00
|w 2017-11-22
|y BK
|
| 952 |
|
|
|0 0
|1 0
|2 ddc
|4 0
|6 512_500000000000000_ANT
|7 0
|9 61932
|a BRACUL
|b BRACUL
|c GEN
|d 2017-11-22
|e STS International
|g 1510.00
|l 23
|m 226
|o 512.5 ANT
|p 3010032353
|r 2025-08-11
|s 2025-08-11
|t 6
|v 1510.00
|w 2017-11-22
|y BK
|
| 952 |
|
|
|0 0
|1 0
|2 ddc
|3 After returning the book, please send it to cataloguing team( Edition change)
|4 0
|6 512_500000000000000_ANT
|7 0
|9 61933
|a BRACUL
|b BRACUL
|c GEN
|d 2017-11-22
|e STS International
|g 1510.00
|l 10
|m 123
|o 512.5 ANT
|p 3010032351
|q 2025-02-27
|r 2022-10-24
|s 2022-10-24
|t 4
|v 1510.00
|w 2017-11-22
|y BK
|